Normal view
MARC view
- McLaney,E J.
Entry Personal Name
001 - CONTROL NUMBER
- control field: 12234
003 - CONTROL NUMBER IDENTIFIER
- control field: NUST
005 - DATE AND TIME OF LATEST TRANSACTION
- control field: 20180802064207.0
008 - FIXED-LENGTH DATA ELEMENTS
- fixed length control field: 180802|| aca||aabn | a|a d
040 ## - CATALOGING SOURCE
- Original cataloging agency: NUST
- Transcribing agency: NUST
100 ## - HEADING--PERSONAL NAME
- Personal name: McLaney,E J.
670 ## - SOURCE DATA FOUND
- Source citation: Work cat.: (NUST): McLaney,E J., Business Finance for Decision Makers., 1994
